Dios habla hoy : la Biblia con deuterocanónicos : versión popular /

Shranjeno v:
Bibliografske podrobnosti
Korporativna značnica: Iglesia Católica. Consejo Episcopal Latinoamericano
Format: Knjiga
Jezik:španščina
Izdano: lugar de publicación no identificado : Sociedades Bíblicas Unidas, 1983, c1983
Oznake: Označite
Brez oznak, prvi označite!

MARC

LEADER 00000nam^a2200000^a^4500
001 000594390
005 20250521000000.0
009 20260310133026.208
037 |a Acervo ITESO - Biblioteca 
041 |a ESP 
091 |a FCR. 01709 
110 |a Iglesia Católica.  |b Consejo Episcopal Latinoamericano 
245 1 0 |a Dios habla hoy :  |b la Biblia con deuterocanónicos : versión popular / 
264 4 |a lugar de publicación no identificado :  |b Sociedades Bíblicas Unidas,  |c 1983, c1983 
300 |a 1180, 237, 439 p. 
336 |a texto  |b txt  |2 rdacontenido 
337 |a sin mediación  |b n  |2 rdamedio 
338 |a volumen  |b nc  |2 rdasoporte 
649 |a XX 
910 |a Fondo Cristina Romo Gil 
920 |a Impresos - Libros 
930 |a Fondos Especiales 
905 |a 143 
901 |a 594390-10  |b IT2  |c ESP  |i D121395  |u 20250521 
902 |a https://opac.biblio.iteso.mx/vufind/Record/000594390